| 000 | 00397nam a2200145Ia 4500 | ||
|---|---|---|---|
| 008 | 211109s9999||||xx |||||||||||||| ||und|| | ||
| 082 |
_a570 _bGAR-E |
||
| 100 | _aGarg, Rajeev | ||
| 245 | 0 | _aEnvironment Quiz Book | |
| 260 |
_bPustak Mahal _aDelhi _c1991 |
||
| 300 | _a120p. | ||
| 630 | _xGENERAL STACK | ||
| 650 |
_aLife sciences; biology _vNatural sciences & mathematicsGeneralia |
||
| 942 | _cBOOK | ||
| 999 |
_c44689 _d44689 |
||